Omar Rudberg Songs - Statistics

General Stats
  • This quiz has been taken 761 times
  • The average score is 24 of 29
Answer Stats
Hint Answer % Correct
Mama
95%
Mi Casa Su Casa
95%
Moving Like That
91%
Dum
90%
Coast Side
89%
Symphony
89%
Breathe
88%
OMR In The Sunrise
88%
Covers It Takes A Fool To Remain Sane
88%
She Fell In Love In The Summer
86%
Simon's Song
86%
Call Me By Your Name
85%
Remember
85%
Pull Up
84%
Como Ayer
83%
Nakna
83%
Others Que Pasa
83%
Que Puedo Hacer?
82%
Yo Dije OUFF
82%
La Mesa
81%
Alla Ba OUFF
80%
I'm So Excited
80%
Todo de ti (all that she wants)
80%
La incondicional
78%
LÄPPAR
78%
Om Om Och Om Igen
75%
Jag e nån annan
70%
på min telephone toda la noche
68%
Dale Bye
47%
No matching quizzes found
Score Distribution
Percent of People with Each Score
Percentile by Number Answered
Your Score History
You have not taken this quiz